20 Biggest Cities In Ukraine - Statistics

General Stats
  • This quiz has been taken 41 times
  • The average score is 12 of 20
Answer Stats
Population Answer % Correct
2,952,301 Kyiv
100%
1,421,125 Kharkiv
97%
717,273 Lviv
94%
901,645 Donetsk
91%
968,502 Dnipro
88%
397,677 Luhansk
88%
1,010,537 Odesa
88%
425,681 Mariupol
79%
279,131 Kherson
58%
603,904 Kryvyi Rih
55%
393,304 Sevastopol
55%
332,317 Simferopol
42%
282,747 Chernihiv
36%
470,011 Mykolaiv
36%
710,052 Zaporizhzhia
36%
269,836 Cherkasy
33%
279,593 Poltava
33%
369,739 Vinnytsia
27%
274,452 Khmelnytskyi
21%
338,968 Makiivka
21%
No matching quizzes found
Score Distribution
Percent of People with Each Score
Percentile by Number Answered
Your Score History
You have not taken this quiz